Normal view
MARC view
- Lt Col Khurram sattar
Entry Personal Name
001 - CONTROL NUMBER
- control field: 51257
003 - CONTROL NUMBER IDENTIFIER
- control field: NUST
005 - DATE AND TIME OF LATEST TRANSACTION
- control field: 20210314134935.0
008 - FIXED-LENGTH DATA ELEMENTS
- fixed length control field: 210314|| aca||aabn | a|a d
040 ## - CATALOGING SOURCE
- Original cataloging agency: NUST
- Transcribing agency: NUST
100 ## - HEADING--PERSONAL NAME
- Personal name: Lt Col Khurram sattar
670 ## - SOURCE DATA FOUND
- Source citation: Work cat.: (NUST): Mashood Afzal Baig 51256, Storm water surface run off model of swat express way, 2017.
